[Event "European Blitz 2022"]
[Site "Katowice POL"]
[Date "2022.12.16"]
[Round "2.47"]
[White "Gavrilescu, David"]
[Black "Wydmanski, Szymon"]
[Result "1-0"]
[WhiteTitle "IM"]
[WhiteElo "2522"]
[BlackElo "1821"]
[WhiteFideId "1227190"]
[BlackFideId "21866759"]
[EventDate "2022.12.16"]

1. e4 c5 2. Nf3 d6 3. d4 cxd4 4. Qxd4 Nc6 5. Bb5 Bd7 6. Bxc6 Bxc6 7. Nc3 e5 8.
Qd3 h6 9. O-O Nf6 10. Rd1 a6 11. a4 Be7 12. Nd2 Qc7 13. Nc4 Rd8 14. Ne3 O-O 15.
Bd2 b5 16. axb5 axb5 17. Ncd5 Nxd5 18. exd5 Bd7 19. Ba5 Qc8 20. Bxd8 Qxd8 21.
Nf5 g6 22. Nxe7+ Qxe7 23. Ra7 Qe8 24. Qa3 Bg4 25. Re1 Qb8 26. c3 Qb6 27. Ra6 1-0

[Event "European Blitz 2022"]
[Site "Katowice POL"]
[Date "2022.12.16"]
[Round "2.48"]
[White "Bochniak, Franciszek"]
[Black "Tregubov, Pavel V."]
[Result "0-1"]
[BlackTitle "GM"]
[WhiteElo "1874"]
[BlackElo "2553"]
[WhiteFideId "21894469"]
[BlackFideId "4115341"]
[EventDate "2022.12.16"]

1. d4 Nf6 2. Bg5 e6 3. e4 h6 4. Bxf6 Qxf6 5. c3 d6 6. Nf3 g6 7. Nbd2 Bg7 8. e5
Qe7 9. exd6 cxd6 10. Bb5+ Nc6 11. O-O O-O 12. Re1 a6 13. Ba4 b5 14. Bc2 Qc7 15.
Ne4 Bb7 16. Qd2 Rad8 17. Qf4 e5 18. Qd2 f5 19. Ng3 e4 20. Nh4 Ne7 21. f3 d5 22.
f4 Bf6 23. Nxg6 Nxg6 24. Nxf5 Qxf4 25. Nxh6+ Kh7 26. Qxf4 Nxf4 27. Ng4 Bg7 28.
g3 Nh3+ 29. Kg2 Ng5 30. Ne3 Nf3 31. Rf1 Nd2 32. Rf4 Bh6 33. Rxf8 Rxf8 34. Ng4
Bc8 35. Ne5 Kg7 36. b3 e3 37. Re1 Rf2+ 38. Kg1 Bh3 39. Bd3 Nf3+ 40. Nxf3 Rxf3
41. Re2 Rf1# 0-1

[Event "European Blitz 2022"]
[Site "Katowice POL"]
[Date "2022.12.16"]
[Round "2.49"]
[White "Kozak, Antoni"]
[Black "Czyz, Andrzej"]
[Result "1-0"]
[WhiteElo "2422"]
[BlackElo "1916"]
[WhiteFideId "21832030"]
[BlackFideId "1106406"]
[EventDate "2022.12.16"]

1. d4 d5 2. c4 c6 3. e3 Nf6 4. Bd3 dxc4 5. Bxc4 b5 6. Bb3 e6 7. Nf3 Bb7 8. O-O
a6 9. e4 Nxe4 10. Re1 Nf6 11. Ne5 Be7 12. Nc3 O-O 13. Bg5 c5 14. dxc5 Qxd1 15.
Raxd1 Bxc5 16. Rd3 Bb4 17. Red1 Bxc3 18. Rxc3 Nd5 19. Rg3 f6 20. Bh6 fxe5 21.
Rxg7+ Kh8 22. Rxb7 Rg8 23. Bxd5 exd5 24. Rxd5 Nc6 25. Rdd7 1-0

[Event "European Blitz 2022"]
[Site "Katowice POL"]
[Date "2022.12.16"]
[Round "2.50"]
[White "Gibala, Adam"]
[Black "Samunenkov, Ihor"]
[Result "0-1"]
[BlackTitle "IM"]
[WhiteElo "1679"]
[BlackElo "2488"]
[WhiteFideId "21070288"]
[BlackFideId "14187086"]
[EventDate "2022.12.16"]

1. e4 c5 2. Nf3 Nc6 3. d4 cxd4 4. Nxd4 Nf6 5. Nc3 e5 6. Ndb5 d6 7. Nd5 Nxd5 8.
exd5 Ne7 9. c4 Ng6 10. Be2 a6 11. Nc3 Be7 12. O-O O-O 13. Kh1 f5 14. f3 Bg5 15.
Rb1 Bd7 16. b4 b6 17. Ba3 Be3 18. Qb3 Bd4 19. c5 bxc5 20. bxc5 dxc5 21. Na4 Nf4
22. Bc4 Bxa4 23. Qxa4 Kh8 24. Qc6 Rf6 25. d6 Rxd6 26. Qa4 Rh6 27. g3 Ng6 28.
Rfd1 Ne7 29. Bxc5 Rc8 30. Bxd4 exd4 31. Bxa6 Ra8 32. Rxd4 Qf8 33. Rbd1 Rhxa6 34.
Qb5 Rxa2 35. Rd7 h6 36. Qb7 Ng8 37. Qd5 Ra1 38. Kg2 Rxd1 39. Qxd1 Nf6 40. Rd6
Qe7 41. Rd2 Re8 42. h4 Kh7 43. Qc2 Qe6 44. g4 Kh8 45. g5 hxg5 46. hxg5 Nd5 47.
Qc4 Ne3+ 0-1

[Event "European Blitz 2022"]
[Site "Katowice POL"]
[Date "2022.12.16"]
[Round "2.51"]
[White "Nasuta, Grzegorz"]
[Black "Zarebska, Lena"]
[Result "1-0"]
[WhiteTitle "GM"]
[WhiteElo "2546"]
[BlackElo "1879"]
[WhiteFideId "1141686"]
[BlackFideId "21807698"]
[EventDate "2022.12.16"]

1. e4 c5 2. Nf3 Nc6 3. Bb5 e6 4. O-O Nge7 5. Re1 a6 6. Bf1 Ng6 7. g3 Be7 8. c3
O-O 9. d4 cxd4 10. cxd4 d5 11. e5 f6 12. exf6 Bxf6 13. Bg2 Kh8 14. Nc3 b5 15. h4
b4 16. Na4 e5 17. dxe5 Ngxe5 18. Nxe5 Bxe5 19. Bg5 Qa5 20. Qxd5 Qxa4 21. Qxc6
Bd7 22. Qxa4 Bxa4 23. Rxe5 1-0

[Event "European Blitz 2022"]
[Site "Katowice POL"]
[Date "2022.12.16"]
[Round "2.53"]
[White "Stefanova, Antoaneta"]
[Black "Ivanov, Taras"]
[Result "0-1"]
[WhiteTitle "GM"]
[WhiteElo "2442"]
[BlackElo "1716"]
[WhiteFideId "2902257"]
[BlackFideId "14184117"]
[EventDate "2022.12.16"]

1. d4 d5 2. Bf4 Nf6 3. e3 e6 4. Nf3 Bd6 5. Bg3 O-O 6. Nbd2 c5 7. c3 Qc7 8. Ne5
Nbd7 9. f4 b6 10. Bd3 Bb7 11. Qf3 Ne8 12. O-O f5 13. Bh4 Nef6 14. Qh3 Ne4 15.
Ndf3 Nxe5 16. fxe5 Be7 17. Bxe4 dxe4 18. Ng5 Bxg5 19. Bxg5 Qf7 20. Bh4 Rac8 21.
Rad1 Ba6 22. Rf2 Bd3 23. g4 Qg6 24. Rg2 Qh6 25. g5 Qg6 26. Bf2 cxd4 27. cxd4 Rc2
28. Be1 Rxg2+ 29. Qxg2 Rc8 30. Bc3 b5 31. a3 a5 32. Rc1 b4 33. axb4 axb4 34. Bd2
Rxc1+ 35. Bxc1 Qh5 36. Qd2 Qxg5+ 37. Kf2 Qh4+ 38. Kg1 Qg4+ 39. Kf2 Qf3+ 40. Kg1
Qf1# 0-1

[Event "European Blitz 2022"]
[Site "Katowice POL"]
[Date "2022.12.16"]
[Round "2.54"]
[White "Namyslak, Piotr"]
[Black "Gaehwiler, Gabriel"]
[Result "0-1"]
[BlackTitle "IM"]
[WhiteElo "1763"]
[BlackElo "2408"]
[WhiteFideId "1187694"]
[BlackFideId "1314530"]
[EventDate "2022.12.16"]

1. c4 Nf6 2. Nc3 g6 3. e4 d6 4. f4 Bg7 5. d3 c5 6. Be2 Nc6 7. Nf3 Rb8 8. h3 a6
9. a4 Nd4 10. Nxd4 cxd4 11. Nd5 O-O 12. O-O b5 13. axb5 axb5 14. Nxf6+ Bxf6 15.
b3 Bd7 16. Bd2 Qc7 17. Qc2 Rfc8 18. Rfc1 Qb7 19. Bf3 Bc6 20. Qd1 Bg7 21. c5 b4
22. cxd6 exd6 23. Rc4 Bb5 24. e5 Qb6 25. Rxc8+ Rxc8 26. Bxb4 dxe5 27. fxe5 Bxe5
28. Be1 Bf4 29. Bf2 Be3 30. Bd5 Qf6 31. Qf3 Qxf3 32. Bxf3 Bxd3 33. Bxe3 dxe3 34.
Re1 Re8 35. Bd5 Kg7 36. g4 f5 37. Kg2 f4 38. Kf3 g5 39. h4 h6 40. h5 Kf6 41. Ra1
Ke5 42. Bc4 Bxc4 43. bxc4 Kd4 44. Ke2 Kxc4 45. Ra6 f3+ 46. Kxf3 e2 47. Rxh6 e1=Q
48. Rc6+ Kb5 49. Rg6 Re3+ 50. Kg2 Rg3+ 51. Kh2 Qg1# 0-1

[Event "European Blitz 2022"]
[Site "Katowice POL"]
[Date "2022.12.16"]
[Round "2.55"]
[White "Licznerski, Lukasz"]
[Black "Marciniak, Leonard"]
[Result "1-0"]
[WhiteTitle "IM"]
[WhiteElo "2441"]
[BlackElo "1846"]
[WhiteFideId "1179250"]
[BlackFideId "21850801"]
[EventDate "2022.12.16"]

1. e4 c5 2. Nf3 Nc6 3. d4 cxd4 4. Nxd4 g6 5. Nc3 Bg7 6. Nb3 Nf6 7. Be2 O-O 8.
O-O b6 9. Re1 Bb7 10. Bf1 d6 11. Nd5 Re8 12. c3 Rc8 13. Bg5 Nxd5 14. exd5 Ne5
15. Bb5 Nd7 16. Qe2 Bxd5 17. Bxe7 Qc7 18. Qd2 Be6 19. Qxd6 Qxd6 20. Bxd6 Bf8 21.
Bxf8 Kxf8 22. Rxe6 Rxe6 23. Bxd7 1-0

[Event "European Blitz 2022"]
[Site "Katowice POL"]
[Date "2022.12.16"]
[Round "2.56"]
[White "Kozlowski, Franciszek"]
[Black "Costachi, Mihnea"]
[Result "0-1"]
[BlackTitle "IM"]
[WhiteElo "1835"]
[BlackElo "2476"]
[WhiteFideId "21899037"]
[BlackFideId "1217518"]
[EventDate "2022.12.16"]

1. d4 Nf6 2. Nf3 g6 3. c4 Bg7 4. e3 O-O 5. Nc3 d6 6. g3 b6 7. Bg2 Bb7 8. O-O
Nbd7 9. b3 e5 10. d5 Ne8 11. Bb2 h6 12. Nd2 f5 13. Ne2 Nef6 14. e4 Nc5 15. exf5
gxf5 16. b4 Ncd7 17. Bh3 Nh7 18. f4 Bc8 19. fxe5 Nxe5 20. Qc2 Qg5 21. Nf4 a5 22.
b5 Bd7 23. Rae1 Rae8 24. Ne6 Bxe6 25. dxe6 f4 26. Qb3 fxg3 27. Qxg3 Qxd2 28.
Rxf8+ Nxf8 29. Bxe5 dxe5 30. Rxe5 0-1

[Event "European Blitz 2022"]
[Site "Katowice POL"]
[Date "2022.12.16"]
[Round "2.57"]
[White "Peyrer, Konstantin"]
[Black "Korou, Laskarina"]
[Result "1-0"]
[WhiteTitle "FM"]
[WhiteElo "2380"]
[BlackElo "1815"]
[WhiteFideId "1640879"]
[BlackFideId "4204832"]
[EventDate "2022.12.16"]

1. Nf3 d5 2. d4 Nf6 3. c4 e6 4. Nc3 c6 5. e3 Be7 6. Qc2 O-O 7. e4 h6 8. Bd2 Nbd7
9. e5 Ne8 10. h4 Nc7 11. Qd3 dxc4 12. Qxc4 Nd5 13. Ne4 Qb6 14. Bd3 c5 15. dxc5
Nxc5 16. Nxc5 Bxc5 17. Qe4 Bxf2+ 18. Ke2 Bc5 19. Qh7# 1-0

[Event "European Blitz 2022"]
[Site "Katowice POL"]
[Date "2022.12.16"]
[Round "2.58"]
[White "Orlik, Sandra"]
[Black "Wieczorek, Oskar"]
[Result "0-1"]
[BlackTitle "GM"]
[WhiteElo "1809"]
[BlackElo "2504"]
[WhiteFideId "1195140"]
[BlackFideId "1133950"]
[EventDate "2022.12.16"]

1. d4 Nf6 2. c4 c5 3. d5 g6 4. Nc3 Bg7 5. e4 d6 6. h3 O-O 7. Be3 e6 8. Qd2 exd5
9. cxd5 Re8 10. f3 a6 11. a4 Nbd7 12. Bd3 Rb8 13. g4 Ne5 14. Be2 b5 15. axb5
axb5 16. h4 b4 17. Nd1 c4 18. h5 Bxg4 19. hxg6 hxg6 20. fxg4 Nxe4 21. Qc2 Ng3
22. Rh2 Nxe2 23. Nxe2 Nf3+ 24. Kf2 Nxh2 0-1

[Event "European Blitz 2022"]
[Site "Katowice POL"]
[Date "2022.12.16"]
[Round "2.59"]
[White "Manik, Mikulas"]
[Black "Arciszewska, Zuzanna"]
[Result "1-0"]
[WhiteTitle "GM"]
[WhiteElo "2359"]
[BlackElo "1794"]
[WhiteFideId "14900734"]
[BlackFideId "21816549"]
[EventDate "2022.12.16"]

1. e4 e5 2. Nf3 Nc6 3. Bb5 a6 4. Ba4 Nf6 5. O-O b5 6. Bb3 Bc5 7. a4 Rb8 8. axb5
axb5 9. d3 d6 10. Nc3 Bg4 11. h3 Bh5 12. Be3 O-O 13. g4 Nxg4 14. hxg4 Bxg4 15.
Kg2 Kh8 16. Rh1 Bxe3 17. fxe3 f5 18. Be6 Qf6 19. exf5 Nd8 20. Ne4 Qe7 21. Rxh7+
Kxh7 22. Qh1+ 1-0

[Event "European Blitz 2022"]
[Site "Katowice POL"]
[Date "2022.12.16"]
[Round "2.60"]
[White "Jozwik, Jacek"]
[Black "Horvath, Dominik"]
[Result "0-1"]
[BlackTitle "IM"]
[WhiteElo "1842"]
[BlackElo "2502"]
[WhiteFideId "1113488"]
[BlackFideId "1642561"]
[EventDate "2022.12.16"]

1. d4 Nf6 2. c4 e6 3. Nf3 d5 4. g3 Bb4+ 5. Nc3 O-O 6. Qb3 a5 7. a3 a4 8. Qc2
Bxc3+ 9. Qxc3 c5 10. dxc5 Ne4 11. Qc2 Qa5+ 12. Bd2 Qxc5 13. e3 Nc6 14. Rc1 Qb6
15. cxd5 exd5 16. Bd3 Bh3 17. Bxe4 dxe4 18. Qxe4 Rfe8 19. Qf4 Bg2 20. Rg1 Bxf3
21. Qxf3 Qxb2 22. Qd1 Qxa3 23. Kf1 Red8 24. Qc2 Ne5 25. Kg2 Qd6 26. Bc3 Qc6+ 27.
e4 Nd3 0-1

[Event "European Blitz 2022"]
[Site "Katowice POL"]
[Date "2022.12.16"]
[Round "2.61"]
[White "Klenburg, Michael"]
[Black "Sacharewicz, Krzysztof"]
[Result "1/2-1/2"]
[WhiteTitle "IM"]
[WhiteElo "2347"]
[BlackElo "1794"]
[WhiteFideId "14102072"]
[BlackFideId "1156683"]
[EventDate "2022.12.16"]

1. g3 c5 2. Bg2 Nc6 3. e4 d6 4. d3 Nf6 5. f4 g6 6. Nf3 Bg7 7. O-O O-O 8. h3 Re8
9. g4 Nd7 10. Nc3 a6 11. Be3 b5 12. Rb1 Bb7 13. Ne2 Qa5 14. a3 b4 15. axb4 Nxb4
16. c3 Nc6 17. g5 e6 18. h4 d5 19. e5 Ne7 20. Ng3 Red8 21. Bf2 Nf5 22. Nxf5 exf5
23. Qc2 Nf8 24. Ra1 Qc7 25. d4 Ne6 26. Be3 Bf8 27. Qf2 Rdc8 28. h5 cxd4 29. Nxd4
Bc5 30. h6 Nxd4 31. Bxd4 Bxd4 32. Qxd4 Qc4 33. Rfd1 Rc5 34. Ra4 Qe2 35. Rf1 Rb5
36. b4 Rc8 37. Raa1 Qc4 38. Qxc4 Rxc4 39. Ra3 d4 40. Bxb7 Rxb7 41. Rxa6 Rb8 42.
cxd4 Rxd4 43. e6 fxe6 44. Rxe6 Rbxb4 45. Re7 Rxf4 46. Ra1 Rg4+ 47. Kf2 Rbf4+ 48.
Ke3 Re4+ 49. Rxe4 Rxe4+ 50. Kf3 Re8 51. Ra7 Kh8 52. Kf4 Re4+ 53. Kf3 Re8 54. Kf4
Re4+ 55. Kf3 1/2-1/2

[Event "European Blitz 2022"]
[Site "Katowice POL"]
[Date "2022.12.16"]
[Round "2.62"]
[White "Smetek, Michal"]
[Black "Plichta, Kamil"]
[Result "0-1"]
[BlackTitle "FM"]
[WhiteElo "1747"]
[BlackElo "2394"]
[WhiteFideId "21041407"]
[BlackFideId "1141830"]
[EventDate "2022.12.16"]

1. d4 Nf6 2. c4 g6 3. Nc3 Bg7 4. e4 d6 5. h3 O-O 6. Be3 e5 7. d5 Na6 8. Nge2 c6
9. g4 cxd5 10. cxd5 Bd7 11. Ng3 Qa5 12. Bg2 Rfc8 13. O-O b5 14. a3 Qd8 15. Qe2
Nc5 16. Nxb5 Bxb5 17. Qxb5 Rab8 18. Qe2 Nb3 19. Rad1 a5 20. h4 Nd7 21. h5 Bf6
22. f4 exf4 23. Bxf4 Ne5 24. hxg6 hxg6 25. g5 Bxg5 26. Bxe5 dxe5 27. Qf2 Qb6 28.
Qxb6 Rxb6 29. Bh3 Rd8 30. Rd3 Nd4 31. Rf2 a4 32. Kg2 Kg7 33. Rfd2 Rdb8 34. Rf2
Bc1 35. Ne2 Bxb2 36. Nxd4 Bxd4 37. Rc2 Rb3 38. Rdd2 Rxa3 39. Rc7 Rc3 40. Rd7 a3
41. Be6 Rb2 42. Rxf7+ Kh6 43. Rxb2 0-1

[Event "European Blitz 2022"]
[Site "Katowice POL"]
[Date "2022.12.16"]
[Round "2.63"]
[White "Petrovskyi, Vadym"]
[Black "Galant, Ireneusz"]
[Result "1-0"]
[WhiteTitle "FM"]
[WhiteElo "2402"]
[BlackElo "1797"]
[WhiteFideId "14165210"]
[BlackFideId "1148206"]
[EventDate "2022.12.16"]

1. e4 c5 2. Nf3 Nc6 3. Bb5 e6 4. Bxc6 bxc6 5. d3 Nf6 6. Qe2 Be7 7. O-O O-O 8. c4
h6 9. Nc3 d5 10. e5 Nd7 11. h3 Rb8 12. Bf4 Re8 13. Rad1 Nf8 14. Bg3 Qb6 15. b3
Qa5 16. Qc2 Ng6 17. h4 Bf8 18. Ne2 Ne7 19. Bf4 Nf5 20. g4 Nxh4 21. Nxh4 g5 22.
Bg3 gxh4 23. Bxh4 Bg7 24. f4 Rf8 25. Ng3 f6 26. Nh5 fxe5 27. fxe5 Ba6 28. Nxg7
Kxg7 29. Bf6+ Kg8 30. d4 Rxf6 31. Rxf6 Rb7 32. Qg6+ Rg7 33. Qe8+ Kh7 34. Rxh6+
Kxh6 35. Qh5# 1-0

[Event "European Blitz 2022"]
[Site "Katowice POL"]
[Date "2022.12.16"]
[Round "2.64"]
[White "Sprzeczka, Emilia"]
[Black "Paehtz, Elisabeth"]
[Result "0-1"]
[BlackTitle "GM"]
[WhiteElo "1837"]
[BlackElo "2464"]
[WhiteFideId "21010331"]
[BlackFideId "4641833"]
[EventDate "2022.12.16"]

1. e4 c5 2. c3 d5 3. exd5 Qxd5 4. d4 g6 5. Nf3 Bg7 6. Be3 cxd4 7. Nxd4 a6 8. Nd2
Nf6 9. N2f3 O-O 10. c4 Qa5+ 11. Bd2 Qc7 12. Be2 e5 13. Nb3 Nc6 14. O-O Bf5 15.
Bc3 Rad8 16. Qc1 e4 17. Nfd4 Bg4 18. Bxg4 Nxg4 19. Nxc6 Qxh2# 0-1

[Event "European Blitz 2022"]
[Site "Katowice POL"]
[Date "2022.12.16"]
[Round "2.66"]
[White "Zurawicki, Jakub"]
[Black "Subelj, Jan"]
[Result "0-1"]
[BlackTitle "IM"]
[WhiteElo "1655"]
[BlackElo "2492"]
[WhiteFideId "21817430"]
[BlackFideId "14618583"]
[EventDate "2022.12.16"]

1. d4 Nf6 2. c4 e6 3. Nc3 Bb4 4. Bd2 O-O 5. e3 d5 6. Nf3 Re8 7. Be2 c6 8. O-O
Bd6 9. h3 Nbd7 10. c5 Bc7 11. Qc2 e5 12. b4 e4 13. Nh2 h5 14. f4 exf3 15. Nxf3
Nf8 16. Bd3 Ne6 17. a4 a6 18. b5 axb5 19. axb5 Rxa1 20. Rxa1 Bd7 21. b6 Bg3 22.
Be1 Bxe1 23. Rxe1 Qb8 24. Ne5 Nxc5 25. Bf5 Rxe5 26. dxe5 Qxe5 27. Bxd7 Nfxd7 28.
Nd1 g6 29. Nf2 Kg7 30. Re2 Ne6 31. Qb2 Qxb2 32. Rxb2 Nec5 33. Rb4 Kf6 34. Kf1
Ke5 35. Ke2 Kd6 36. Nd1 Ne4 37. Kd3 c5 38. Rb1 Kc6 39. Nc3 c4+ 40. Kc2 Nxc3 41.
Kxc3 Nxb6 42. Rf1 f5 43. g4 hxg4 44. hxg4 fxg4 45. Rf6+ Kc5 46. Rxg6 Na4+ 47.
Kc2 b5 48. Rxg4 b4 49. Rg8 b3+ 50. Kc1 Kb4 51. e4 dxe4 52. Rg3 Ka3 53. Kb1 c3
54. Rg1 c2+ 55. Kc1 Ka2 56. Kd2 Nc5 57. Rg8 Kb2 58. Rg1 Nd3 59. Ke3 c1=Q+ 60.
Rxc1 Kxc1 61. Kxe4 b2 62. Kxd3 b1=Q+ 63. Kc3 Qb2+ 64. Kc4 Qa3 65. Kb5 Kd2 66.
Kc4 Ke3 67. Kb5 Qc3 68. Kb6 Kd4 69. Kb5 Qc5+ 70. Ka4 Qb6 71. Ka3 Ke5 0-1

[Event "European Blitz 2022"]
[Site "Katowice POL"]
[Date "2022.12.16"]
[Round "2.68"]
[White "Derejczyk, Mateusz"]
[Black "Asllani, Muhamet"]
[Result "1-0"]
[WhiteElo "1629"]
[BlackElo "2228"]
[WhiteFideId "21004188"]
[BlackFideId "22100300"]
[EventDate "2022.12.16"]

1. e4 e5 2. Nf3 Nc6 3. d4 exd4 4. Nxd4 Bc5 5. Be3 Qf6 6. c3 Nge7 7. Bc4 O-O 8.
O-O d6 9. Nxc6 Nxc6 10. Bxc5 dxc5 11. Nd2 Ne5 12. Be2 Rd8 13. Qc2 Ng6 14. Bf3
Be6 15. Rad1 Nf4 16. Nb3 Qg5 17. Kh1 b6 18. Qc1 Qf6 19. e5 Qxe5 20. Bxa8 Rxa8
21. Qe3 Qf6 22. Qf3 Re8 23. Rfe1 Qg5 24. Qg3 Qh6 25. Re4 Ng6 26. Qxc7 Qg5 27.
Qg3 Qh5 28. Rde1 h6 29. Nd2 Rd8 30. Nf3 Qd5 31. Rxe6 1-0

[Event "European Blitz 2022"]
[Site "Katowice POL"]
[Date "2022.12.16"]
[Round "2.69"]
[White "Kuzmicz, Krystian"]
[Black "Bogusz, Alan"]
[Result "1-0"]
[WhiteTitle "IM"]
[WhiteElo "2466"]
[BlackElo "1822"]
[WhiteFideId "1119125"]
[BlackFideId "21810060"]
[EventDate "2022.12.16"]

1. e4 c5 2. d3 d6 3. g3 g6 4. Bg2 Bg7 5. f4 Nc6 6. Nf3 e6 7. O-O Nge7 8. c3 O-O
9. Be3 Qc7 10. Bf2 b6 11. Na3 a6 12. Nc2 Bb7 13. Re1 d5 14. e5 Nb8 15. g4 Nd7
16. Qd2 Nc6 17. Bg3 Qc8 18. f5 exf5 19. gxf5 gxf5 20. d4 Ne7 21. Qg5 Ng6 22. Qh5
Re8 23. Ng5 Ndf8 24. Bh3 Qd8 25. Bxf5 Bc8 26. Rf1 Bxf5 27. Rxf5 Ra7 28. Raf1
Ree7 29. Ne3 h6 30. Nh3 cxd4 31. cxd4 Ne6 32. Qg4 Qc8 33. Rh5 Qc7 34. Nf5 Qc2
35. Nxe7+ Rxe7 36. Rf2 Qd3 37. Rhf5 Nh8 38. R5f3 Qb1+ 39. Kg2 Qd1 40. Nf4 Nxd4
41. Nh5 Ng6 42. Nxg7 Kxg7 43. Rxf7+ Rxf7 44. Rxf7+ 1-0

[Event "European Blitz 2022"]
[Site "Katowice POL"]
[Date "2022.12.16"]
[Round "2.70"]
[White "Swiech, Joanna"]
[Black "Uruci, Endrit"]
[Result "0-1"]
[BlackTitle "FM"]
[WhiteElo "1820"]
[BlackElo "2297"]
[WhiteFideId "1183486"]
[BlackFideId "22100199"]
[EventDate "2022.12.16"]

1. d4 Nf6 2. c4 e5 3. d5 c6 4. Nc3 Bb4 5. Bd2 O-O 6. a3 Bxc3 7. Bxc3 d6 8. e3
Ne4 9. Qc2 Nxc3 10. Qxc3 Nd7 11. Bd3 Qg5 12. g3 Nf6 13. dxc6 bxc6 14. Nf3 Qh5
15. Be2 Bg4 16. Ng1 a5 17. Qd3 d5 18. cxd5 cxd5 19. Bxg4 Qxg4 20. Qe2 Qf5 21.
Qf3 Qd3 22. Qe2 Qe4 23. Qf3 Rab8 24. Qxe4 Nxe4 25. Rb1 Rfc8 26. f3 Nc3 27. Rc1
Rxb2 0-1

[Event "European Blitz 2022"]
[Site "Katowice POL"]
[Date "2022.12.16"]
[Round "2.71"]
[White "Paehtz, Thomas"]
[Black "Misecka, Kamil"]
[Result "1-0"]
[WhiteTitle "GM"]
[WhiteElo "2339"]
[BlackElo "1807"]
[WhiteFideId "4611349"]
[BlackFideId "14936410"]
[EventDate "2022.12.16"]

1. e4 e5 2. Bc4 Nf6 3. d3 Bc5 4. Nf3 Nc6 5. c3 d6 6. Bb3 h6 7. h3 O-O 8. Nbd2
Be6 9. Bc2 Bb6 10. Nc4 Qe7 11. Qe2 Nd7 12. g4 Rfe8 13. Ne3 Nf8 14. Nf5 Qd7 15.
Rg1 Ng6 16. Bd2 Nf4 17. Bxf4 exf4 18. d4 Bxf5 19. gxf5 Ne7 20. f6 Ng6 21. h4 Re6
22. h5 1-0

[Event "European Blitz 2022"]
[Site "Katowice POL"]
[Date "2022.12.16"]
[Round "2.72"]
[White "Zrubek, Adam"]
[Black "Batsiashvili, Nino"]
[Result "0-1"]
[BlackTitle "GM"]
[WhiteElo "1785"]
[BlackElo "2493"]
[WhiteFideId "23718706"]
[BlackFideId "13602993"]
[EventDate "2022.12.16"]

1. e4 e5 2. Nf3 Nc6 3. Bb5 Nge7 4. O-O Ng6 5. c3 d6 6. h3 Be7 7. d4 O-O 8. Re1
Bd7 9. Nbd2 exd4 10. cxd4 Bf6 11. Nf1 Re8 12. Ng3 a6 13. Ba4 b5 14. Bc2 Nb4 15.
Bb1 c5 16. a3 Nc6 17. d5 Nd4 18. Nxd4 Bxd4 19. Qc2 Qf6 20. Ra2 Nh4 21. b3 Re5
22. Bb2 Bxb2 23. Qxb2 Bxh3 24. gxh3 Nf3+ 25. Kf1 Nxe1 26. Kxe1 Qh4 27. Nf5 Qxh3
28. Nxd6 Rg5 29. Qe2 Qxb3 30. Rd2 Qxb1+ 0-1

[Event "European Blitz 2022"]
[Site "Katowice POL"]
[Date "2022.12.16"]
[Round "2.74"]
[White "Czernecki, Andrzej"]
[Black "Kyc, Jerzy"]
[Result "0-1"]
[WhiteElo "1812"]
[BlackElo "2230"]
[WhiteFideId "21810117"]
[BlackFideId "1163922"]
[EventDate "2022.12.16"]

1. Nf3 Nf6 2. b3 g6 3. Bb2 Bg7 4. e3 O-O 5. Be2 d5 6. c4 e6 7. Nc3 c5 8. Rc1 d4
9. exd4 cxd4 10. Nb5 d3 11. Bf1 Nc6 12. Nbd4 Nxd4 13. Bxd4 Re8 14. Be5 Ne4 15.
Bxg7 Kxg7 16. Ne5 Nxf2 17. Kxf2 Qd4+ 18. Kf3 Qxe5 19. Bxd3 Bd7 20. Qe2 Bc6+ 21.
Kf2 Qd4+ 22. Kf1 Rad8 23. Rc3 e5 24. Ke1 f5 25. Bb1 e4 26. Qe3 Qd6 27. g3 Qf6
28. Rf1 Rd3 29. Qxa7 Rxc3 30. dxc3 Qxc3+ 31. Ke2 Rd8 32. Qe3 Qb2+ 0-1

[Event "European Blitz 2022"]
[Site "Katowice POL"]
[Date "2022.12.16"]
[Round "2.75"]
[White "De Filomeno, Simone"]
[Black "Norkeliunas, Matas"]
[Result "1-0"]
[WhiteTitle "IM"]
[WhiteElo "2450"]
[BlackElo "1693"]
[WhiteFideId "828688"]
[BlackFideId "12818879"]
[EventDate "2022.12.16"]

1. d4 d5 2. c4 e6 3. Nf3 Nf6 4. g3 c5 5. cxd5 exd5 6. Bg2 Nc6 7. O-O Bg4 8. Ne5
Be6 9. Qa4 Qc7 10. Bf4 Bd6 11. Nc3 Bxe5 12. Bxe5 Qe7 13. Nb5 O-O 14. Bd6 Qd7 15.
Bxf8 Rxf8 16. dxc5 a6 17. Nd4 Nxd4 18. Qxd4 Qb5 19. b4 Qxe2 20. Rfe1 Qh5 21. a4
Ng4 22. h3 Nf6 23. Re5 Qh6 24. Qf4 Qg6 25. Rg5 Qh6 26. b5 Nh5 27. Qh4 g6 28.
bxa6 bxa6 29. Re1 Bd7 30. Rxd5 Bxa4 31. Qxa4 Nf6 32. Rd6 Qg7 33. Qd4 Ne8 34.
Qxg7+ Nxg7 35. c6 Nf5 36. Rd7 1-0

[Event "European Blitz 2022"]
[Site "Katowice POL"]
[Date "2022.12.16"]
[Round "2.78"]
[White "Nasibov, Rufat"]
[Black "Jarmula, Lukasz"]
[Result "0-1"]
[BlackTitle "GM"]
[WhiteElo "1807"]
[BlackElo "2469"]
[WhiteFideId "13413155"]
[BlackFideId "1160664"]
[EventDate "2022.12.16"]

1. d4 Nf6 2. Nf3 c5 3. c3 g6 4. g3 Bg7 5. Bg2 d6 6. dxc5 dxc5 7. Qxd8+ Kxd8 8.
O-O Nc6 9. Rd1+ Bd7 10. Nbd2 Kc8 11. Nc4 Rd8 12. Ng5 Be8 13. Rxd8+ Nxd8 14. Be3
Bh6 15. Ne5 Bxg5 16. Bxg5 Nc6 17. Nxc6 bxc6 18. Bxf6 exf6 19. b3 Kc7 20. Rd1 Bd7
21. f4 a5 22. Rb1 Rb8 23. Kf2 c4 24. b4 c5 25. a3 axb4 26. cxb4 cxb4 27. Rxb4
Rxb4 28. axb4 Kb6 29. Ke3 Kb5 30. Kd4 Kxb4 31. e4 c3 32. Bf1 c2 0-1

[Event "European Blitz 2022"]
[Site "Katowice POL"]
[Date "2022.12.16"]
[Round "2.79"]
[White "Karolczuk, Iwo"]
[Black "Mosny, Kamil"]
[Result "1-0"]
[WhiteTitle "FM"]
[WhiteElo "2327"]
[BlackElo "1704"]
[WhiteFideId "21816972"]
[BlackFideId "21060606"]
[EventDate "2022.12.16"]

1. e4 c5 2. Nc3 a6 3. g3 Nc6 4. Nge2 g6 5. d4 cxd4 6. Nxd4 Bg7 7. Be3 Nf6 8. Bg2
Qc7 9. O-O d6 10. h3 Ne5 11. Qe2 Bd7 12. Rad1 O-O 13. Kh2 Nc4 14. Bc1 Rac8 15.
Nd5 Nxd5 16. exd5 Bb5 17. Nxb5 axb5 18. c3 Rfe8 19. h4 Qa5 20. a3 Qb6 21. h5 Ne5
22. f4 Nd7 23. Bh3 Rc7 24. f5 Ne5 25. hxg6 hxg6 26. fxg6 fxg6 27. Be6+ Kh7 28.
Kg2 1-0